000 00374nam a2200145Ia 4500
008 090124s9999 xx 000 0 und d
082 _b401867
245 _a वीरेन्द्र
250 _a1
260 _bगोळे लीला
_c1979
300 _a76
630 _a वीरेन्द्र
730 _a वीरेन्द्र
942 _cBOOK
999 _c198327
_d198327